000 00467nam a2200157Ia 4500
003 OSt
005 20200626112437.0
008 190216s9999||||xx |||||||||||||| ||und||
040 _coclc
082 _a726.1409548
_bLON/P
100 _aLonghurst, A H
_93258
245 0 _aPallava Architecture /
_cA H Longhurst
260 _bCosmo Publications,
_c1982.
_aNew Delhi:
300 _a123p
942 _cBK
_2ddc
_h726.1409548
_iLON/P
_k726.1409548
_mLON/P
999 _c19908
_d19908